[Event "Rated Blitz game"]
[Site "?"]
[Date "2021.11.17"]
[Round "?"]
[White "PerpetuumChessPlayer"]
[Black "Roberto_Baggio1978"]
[Result "1-0"]
[WhiteElo "2553"]
[BlackElo "2612"]
[PlyCount "39"]
[EventDate "2021.??.??"]
[EventType "blitz"]

1. e4 e5 2. Nf3 d5 3. exd5 e4 4. Qe2 Nf6 5. d3 Qxd5 6. Nbd2 Nc6 7. Nxe4 Be6 8.
Nxf6+ gxf6 9. g3 O-O-O 10. Bg2 Bg4 11. h3 Bb4+ 12. c3 Rhe8 13. Be3 Nd4 14. Nxd4
Qxg2 15. Qxg4+ Kb8 16. O-O-O Rxe3 17. fxe3 Bxc3 18. bxc3 Qxa2 19. Nc2 a5 20.
Qc4 {Normal} 1-0

[Event "Rated Blitz game"]
[Site "?"]
[Date "2021.11.17"]
[Round "?"]
[White "supertolchok"]
[Black "RiskyBlitzer"]
[Result "1-0"]
[WhiteElo "2486"]
[BlackElo "2508"]
[PlyCount "65"]
[EventDate "2021.??.??"]
[EventType "blitz"]

1. e4 e5 2. Nf3 d5 3. exd5 e4 4. Qe2 Nf6 5. d3 Be7 6. dxe4 O-O 7. Nc3 Re8 8. a3
c6 9. dxc6 Nxc6 10. Bg5 Bg4 11. Rd1 Qa5 12. Bd2 Nd4 13. Nd5 Qd8 14. Qd3 Bxf3
15. gxf3 Bc5 16. c4 Nxd5 17. cxd5 Qf6 18. Be2 Rad8 19. Bc3 Rxd5 20. exd5 Qxf3
21. Qxf3 Nxf3+ 22. Kf1 Ng5 23. Rg1 f6 24. h4 Ne4 25. Bd4 Bd6 26. Bf3 Kf7 27.
Bxe4 Rxe4 28. Bxa7 Rxh4 29. Be3 Rh3 30. Ke2 g5 31. Rh1 Rxh1 32. Rxh1 Kg6 33. b4
{Normal} 1-0

[Event "Rated Blitz tournament CzfNDat9"]
[Site "?"]
[Date "2021.11.17"]
[Round "?"]
[White "TheBigGreek"]
[Black "VVV-31"]
[Result "1-0"]
[WhiteElo "2717"]
[BlackElo "2287"]
[PlyCount "69"]
[EventDate "2021.??.??"]
[EventType "blitz"]

1. e4 e5 2. Nf3 d5 3. Nxe5 Bd6 4. d4 dxe4 5. Bc4 Bxe5 6. Qh5 Qe7 7. Qxe5 Qxe5
8. dxe5 Nc6 9. Bf4 Nge7 10. Nc3 Ng6 11. Bg3 Ngxe5 12. Bb5 O-O 13. O-O-O Bg4 14.
Rd5 Rfe8 15. Nxe4 Rad8 16. Rxd8 Rxd8 17. Bxc6 Nxc6 18. Bxc7 Rd7 19. Bg3 b6 20.
f3 Be6 21. b3 h6 22. Rd1 Rxd1+ 23. Kxd1 Nb4 24. a3 Nd5 25. Kd2 f5 26. Nd6 f4
27. Bf2 a6 28. c4 Ne3 29. Bxe3 fxe3+ 30. Kxe3 b5 31. cxb5 axb5 32. b4 Bd7 33.
Kd4 Kf8 34. Kc5 Ke7 35. Nxb5 {Normal} 1-0

[Event "Rated Blitz game"]
[Site "?"]
[Date "2021.11.17"]
[Round "?"]
[White "michaeljoshua"]
[Black "rofaidah"]
[Result "1-0"]
[WhiteElo "2513"]
[BlackElo "2492"]
[PlyCount "79"]
[EventDate "2021.??.??"]
[EventType "blitz"]

1. e4 e5 2. Nf3 d5 3. exd5 e4 4. Nd4 Qxd5 5. Nb3 Qe6 6. Nc3 Nf6 7. Be2 Bd6 8.
O-O h5 9. d3 exd3 10. Bxd3 Kf8 11. Bg5 Ng4 12. g3 h4 13. Nd4 Qd7 14. Bf5 hxg3
15. hxg3 Qe8 16. Bxg4 f6 17. Be3 Qg6 18. Bxc8 Qh7 19. Kg2 Qh2+ 20. Kf3 Nc6 21.
Nxc6 bxc6 22. Bg4 Qh7 23. Rh1 Qg8 24. Rxh8 Qxh8 25. Qh1 Qg8 26. Ke2 Qc4+ 27.
Kf3 Kg8 28. Bf5 Be5 29. Qh7+ Kf7 30. Qg6+ Kf8 31. Rh1 Bxc3 32. Rh8+ Ke7 33.
Qxg7+ Kd6 34. Rxa8 Qd5+ 35. Be4 Qh5+ 36. Qg4 Qh1+ 37. Ke2 Qe1+ 38. Kd3 Be5 39.
Rd8+ Ke7 40. Qd7# {Normal} 1-0

[Event "Rated Blitz game"]
[Site "?"]
[Date "2021.11.17"]
[Round "?"]
[White "Piterskii_KMC"]
[Black "Senor_de_los_vientos"]
[Result "0-1"]
[WhiteElo "2482"]
[BlackElo "2402"]
[PlyCount "83"]
[EventDate "2021.??.??"]
[EventType "blitz"]

1. e4 e5 2. Nf3 d5 3. Nxe5 Bd6 4. d4 dxe4 5. Bc4 Bxe5 6. dxe5 Qxd1+ 7. Kxd1 Nc6
8. Bf4 Bg4+ 9. Be2 O-O-O+ 10. Nd2 Bxe2+ 11. Kxe2 Nd4+ 12. Kd1 Ne7 13. c3 Ne6
14. Bg3 Nf5 15. Ke2 Nc5 16. Rad1 Nd3 17. Nxe4 Nxb2 18. Rxd8+ Rxd8 19. Ng5 Rd7
20. Nxh7 Nc4 21. Rd1 Rxd1 22. Kxd1 Nxg3 23. hxg3 Nxe5 24. Ke2 Kd7 25. Ng5 f6
26. Nf3 Nc6 27. Nd4 Nxd4+ 28. cxd4 Kd6 29. Kd3 Kd5 30. g4 g5 31. g3 b5 32. f4
a5 33. a3 b4 34. axb4 axb4 35. Ke3 b3 36. Kd3 b2 37. Kc2 Kxd4 38. Kxb2 Ke3 39.
fxg5 fxg5 40. Kc3 Kf3 41. Kc4 Kxg3 42. Kc5 {Normal} 0-1

[Event "Rated Blitz game"]
[Site "?"]
[Date "2021.11.17"]
[Round "?"]
[White "adamiva5"]
[Black "SerialDrinker"]
[Result "1-0"]
[WhiteElo "2426"]
[BlackElo "2272"]
[PlyCount "43"]
[EventDate "2021.??.??"]
[EventType "blitz"]

1. e4 e5 2. Nf3 d5 3. exd5 e4 4. Qe2 Nf6 5. d3 Be7 6. dxe4 O-O 7. Nc3 c6 8. d6
Bxd6 9. e5 Re8 10. Bf4 Bg4 11. O-O-O Qa5 12. Rxd6 Na6 13. Qd2 Nd5 14. Rxd5 cxd5
15. Qxd5 Qb4 16. Qd4 Qa5 17. Bd2 Nb4 18. Qxg4 Nxa2+ 19. Kb1 Nb4 20. Bc4 Rac8
21. Ng5 Re7 22. Qxc8+ {Normal} 1-0

[Event "Rated Blitz tournament CzfNDat9"]
[Site "?"]
[Date "2021.11.17"]
[Round "?"]
[White "schmetzger"]
[Black "VVV-31"]
[Result "0-1"]
[WhiteElo "2411"]
[BlackElo "2284"]
[PlyCount "102"]
[EventDate "2021.??.??"]
[EventType "blitz"]

1. e4 e5 2. Nf3 d5 3. d3 dxe4 4. dxe4 Qxd1+ 5. Kxd1 f6 6. Be3 Be6 7. Nbd2 Nd7
8. c3 Bc5 9. Kc2 Bxe3 10. fxe3 O-O-O 11. Rd1 Ne7 12. Nb3 Rhe8 13. Bb5 c6 14.
Be2 Kc7 15. Rd2 Nc8 16. Rhd1 Ncb6 17. Ne1 Bc4 18. Nd3 Bxd3+ 19. Bxd3 a6 20. Be2
Rf8 21. Bg4 Rfe8 22. Na5 Nc5 23. Bf3 Rxd2+ 24. Rxd2 Nbd7 25. b4 Ne6 26. Bg4
Ndf8 27. Nc4 b5 28. Na5 c5 29. Nb3 cxb4 30. cxb4 Rd8 31. Rd5 Kc6 32. Na5+ Kc7
33. Kc3 Ng5 34. Kd3 Rxd5+ 35. exd5 Nd7 36. Nb3 e4+ 37. Kd4 Ne5 38. Nc5 Nxg4 39.
h4 Nf7 40. Kxe4 Nd6+ 41. Kf4 h5 42. Nxa6+ Kb6 43. Nc5 Ne5 44. Ne6 g6 45. Nd4
Nd3+ 46. Kg3 Nxb4 47. Nc6 Nxd5 48. Nd8 Nxe3 49. Ne6 Nef5+ 50. Kf4 Nxh4 51. Ke3
Nxg2+ {Normal} 0-1

[Event "Rated Blitz game"]
[Site "?"]
[Date "2021.11.17"]
[Round "?"]
[White "winx_m"]
[Black "King_bg03"]
[Result "0-1"]
[WhiteElo "2892"]
[BlackElo "2799"]
[PlyCount "50"]
[EventDate "2021.??.??"]
[EventType "blitz"]

1. e4 e5 2. Nf3 d5 3. exd5 e4 4. Qe2 Qe7 5. Nd4 Nf6 6. Nc3 Nbd7 7. Nf5 Qe5 8.
g4 h5 9. Bg2 hxg4 10. Nxe4 Nxe4 11. Bxe4 Nf6 12. Ng3 Nxe4 13. Qxe4 Qxe4+ 14.
Nxe4 Bf5 15. d3 O-O-O 16. Ng3 Rxd5 17. Be3 Bd7 18. Kd2 Bc6 19. Rae1 Rb5 20.
Rhg1 Rxb2 21. Ne2 Ba4 22. Rc1 Bb4+ 23. Nc3 f5 24. Bd4 Rxa2 25. Rb1 Rxc2+ {
Normal} 0-1

[Event "Rated Blitz game"]
[Site "?"]
[Date "2021.11.17"]
[Round "?"]
[White "strizibuba"]
[Black "Futuregm03pro"]
[Result "1-0"]
[WhiteElo "2582"]
[BlackElo "2727"]
[PlyCount "99"]
[EventDate "2021.??.??"]
[EventType "blitz"]

1. e4 e5 2. Nf3 d5 3. d4 exd4 4. Qxd4 Nf6 5. exd5 Qxd5 6. Qxd5 Nxd5 7. Bc4 c6
8. O-O Be7 9. Re1 Be6 10. Nd4 Kd7 11. Nxe6 fxe6 12. c3 b5 13. Bb3 Rf8 14. Nd2
Na6 15. Ne4 Nc5 16. Bc2 Nxe4 17. Bxe4 Bc5 18. Re2 g6 19. Bh6 Rf7 20. Rf1 Bf8
21. Bc1 Bg7 22. g3 Raf8 23. Kg2 Kd6 24. Rd1 e5 25. f3 Ke6 26. h4 Rd7 27. Rde1
Rfd8 28. Bg5 Bf6 29. Bb1 Re7 30. f4 Bxg5 31. hxg5 Rde8 32. Rxe5+ Kd6 33. Rxe7
Rxe7 34. Rxe7 Nxe7 35. Kf3 Nd5 36. g4 a5 37. Be4 Ne7 38. Ke3 c5 39. b3 Nc8 40.
f5 Ke5 41. fxg6 hxg6 42. Bxg6 Nd6 43. Bd3 b4 44. c4 Ne8 45. g6 Ng7 46. Be4 Ne8
47. Bd5 Ng7 48. Bf7 Ne6 49. Bxe6 Kxe6 50. Ke4 {Normal} 1-0

[Event "Rated Blitz game"]
[Site "?"]
[Date "2021.11.17"]
[Round "?"]
[White "Pavel_Sofyin"]
[Black "Konevoyazher"]
[Result "1-0"]
[WhiteElo "2403"]
[BlackElo "2286"]
[PlyCount "91"]
[EventDate "2021.??.??"]
[EventType "blitz"]

1. e4 e5 2. Nf3 d5 3. d4 exd4 4. Qxd4 dxe4 5. Qxd8+ Kxd8 6. Ng5 Be6 7. Nxe4 Nc6
8. Bb5 Bb4+ 9. c3 Ba5 10. O-O Ke7 11. Re1 Nf6 12. Nc5 Rad8 13. Nxb7 Ne5 14.
Nxd8 Rxd8 15. Nd2 Nd3 16. Bxd3 Rxd3 17. Nb3 Bb6 18. Be3 Nd5 19. Bxb6 axb6 20.
Rad1 Nf4 21. Rxd3 Nxd3 22. Re2 c5 23. g3 Kd6 24. Rd2 c4 25. Nc1 Bf5 26. Nxd3
cxd3 27. f3 Bg6 28. Kf2 Kd5 29. Ke3 Kc4 30. Rd1 h5 31. Kd2 h4 32. Re1 Bh5 33.
g4 Bg6 34. f4 b5 35. f5 Bh7 36. Re7 Bg8 37. b3+ Kc5 38. Kxd3 g6 39. f6 g5 40.
Ke3 Kd6 41. Kd4 Bh7 42. Rxf7 Bb1 43. Re7 Bxa2 44. c4 bxc4 45. bxc4 Bb1 46. c5+
{Normal} 1-0

[Event "Rated Blitz game"]
[Site "?"]
[Date "2021.11.17"]
[Round "?"]
[White "NTDVAN"]
[Black "King_bg03"]
[Result "0-1"]
[WhiteElo "2816"]
[BlackElo "2786"]
[PlyCount "41"]
[EventDate "2021.??.??"]
[EventType "blitz"]

1. e4 e5 2. Nf3 d5 3. Bb5+ c6 4. Ba4 dxe4 5. Ng1 Qg5 6. Kf1 Qg6 7. Nc3 b5 8.
Bb3 Nf6 9. a4 b4 10. Nce2 Ba6 11. Nh3 Nbd7 12. Kg1 Nc5 13. Ba2 b3 14. Bxb3 Nxb3
15. cxb3 Bd3 16. b4 Bxb4 17. b3 O-O 18. Bb2 Ng4 19. Ng3 f5 20. Qc1 f4 21. Bxe5
{Normal} 0-1

[Event "Rated Blitz game"]
[Site "?"]
[Date "2021.11.17"]
[Round "?"]
[White "chessblogger"]
[Black "Catalyst226"]
[Result "1/2-1/2"]
[WhiteElo "2418"]
[BlackElo "2302"]
[PlyCount "79"]
[EventDate "2021.??.??"]
[EventType "blitz"]

1. e4 e5 2. Nf3 d5 3. Nc3 d4 4. Ne2 Bd6 5. Ng3 Nf6 6. Bc4 O-O 7. h3 Nc6 8. a3
h6 9. d3 Be6 10. Bxe6 fxe6 11. O-O Nh7 12. Nh2 Qd7 13. Bd2 Kh8 14. Kh1 Rf7 15.
Qe2 Raf8 16. Ng4 Qe7 17. b4 a6 18. Rab1 b5 19. c3 Qh4 20. Rbc1 h5 21. Nh2 g6
22. Bh6 dxc3 23. Bxf8 Rxf8 24. Nf3 Qf4 25. Rxc3 h4 26. Rxc6 hxg3 27. fxg3 Qxg3
28. Nh2 Rf4 29. Rxf4 exf4 30. e5 Be7 31. Rxc7 Bh4 32. Nf3 Ng5 33. Nxg5 Bxg5 34.
Qe4 Bd8 35. Qa8 Qe1+ 36. Kh2 Qg3+ 37. Kg1 Qe1+ 38. Kh2 Qg3+ 39. Kg1 Qe1+ 40.
Kh2 {Normal} 1/2-1/2

[Event "Rated Blitz game"]
[Site "?"]
[Date "2021.11.17"]
[Round "?"]
[White "Gormaley"]
[Black "King_bg03"]
[Result "0-1"]
[WhiteElo "2801"]
[BlackElo "2764"]
[PlyCount "98"]
[EventDate "2021.??.??"]
[EventType "blitz"]

1. e4 e5 2. Nf3 d5 3. Nxe5 Bd6 4. d4 dxe4 5. Bc4 Bxe5 6. Qh5 Qe7 7. Qxe5 Qxe5
8. dxe5 Nc6 9. Nc3 Nxe5 10. Bb3 Bd7 11. Bf4 f6 12. O-O-O O-O-O 13. Nxe4 Ng6 14.
Bg3 f5 15. Nc5 f4 16. Nxd7 Rxd7 17. Be6 Nf6 18. Rd4 fxg3 19. hxg3 c6 20. g4 Kc7
21. Bxd7 Nxd7 22. f4 h6 23. g5 hxg5 24. Rxh8 Nxh8 25. fxg5 Nf7 26. Rg4 Nde5 27.
Rg3 g6 28. b3 Kd6 29. Kd2 Ke6 30. Ke3 Kf5 31. Kd4 Nd6 32. Re3 Nb5+ 33. Kc5 b6+
34. Kb4 a5+ 35. Ka4 Nd4 36. c3 Ne6 37. b4 b5+ 38. Kb3 a4+ 39. Kc2 Nxg5 40. Re1
Ne4 41. Rf1+ Ke6 42. Rf8 Nd6 43. Rg8 Ndc4 44. Rc8 Kf5 45. Rf8+ Kg4 46. Rf6 Kg3
47. Kd1 Kxg2 48. Ke2 g5 49. Rg6 Nxg6 {Time forfeit} 0-1

[Event "Rated Blitz game"]
[Site "?"]
[Date "2021.11.17"]
[Round "?"]
[White "bjmdc"]
[Black "DrCleverstein"]
[Result "1/2-1/2"]
[WhiteElo "2545"]
[BlackElo "2534"]
[PlyCount "72"]
[EventDate "2021.??.??"]
[EventType "blitz"]

1. e4 e5 2. Nf3 d5 3. Nxe5 Nf6 4. d4 Nxe4 5. Nd2 Nc6 6. Nxc6 bxc6 7. Nxe4 dxe4
8. Bc4 Be7 9. O-O O-O 10. Be3 Kh8 11. f3 Bf5 12. fxe4 Bxe4 13. Rxf7 Rxf7 14.
Bxf7 Qd6 15. Bc4 Qg6 16. Qe2 Bd6 17. Bd3 Rf8 18. Rf1 Re8 19. Bxe4 Qxe4 20. Rf3
c5 21. Qd3 Qh4 22. g3 Qg4 23. Kg2 cxd4 24. Qxd4 Qe6 25. Bf4 Qxa2 26. Bxd6 cxd6
27. Qxd6 Rg8 28. Qd4 Qb1 29. Qc3 a6 30. Rf7 Qd1 31. Ra7 Qe2+ 32. Kh3 Qe6+ 33.
Kg2 Qe4+ 34. Kh3 Qe6+ 35. Kg2 Qe4+ 36. Kh3 Qe6+ {Normal} 1/2-1/2

[Event "Rated Blitz game"]
[Site "?"]
[Date "2021.11.17"]
[Round "?"]
[White "strizibuba"]
[Black "Futuregm03pro"]
[Result "0-1"]
[WhiteElo "2590"]
[BlackElo "2719"]
[PlyCount "64"]
[EventDate "2021.??.??"]
[EventType "blitz"]

1. e4 e5 2. Nf3 d5 3. d4 exd4 4. Qxd4 Nf6 5. e5 Ne4 6. c4 Bc5 7. Qxd5 Qxd5 8.
cxd5 Nxf2 9. Rg1 Ng4 10. Rh1 Nd7 11. Bf4 O-O 12. h3 Ngxe5 13. Nxe5 Nxe5 14. Nc3
Bd6 15. O-O-O Nd3+ 16. Bxd3 Bxf4+ 17. Kc2 Bd7 18. Rhf1 Bd6 19. g4 Rae8 20. Rde1
Rxe1 21. Rxe1 Re8 22. Rxe8+ Bxe8 23. Bf5 g6 24. Bc8 b6 25. a3 Kg7 26. Kd3 Kf6
27. Ke4 Kg5 28. Kf3 f5 29. gxf5 gxf5 30. b4 Bh5+ 31. Kg2 Kf4 32. Nb5 Bf3+ {
Normal} 0-1

[Event "Rated Blitz game"]
[Site "?"]
[Date "2021.11.17"]
[Round "?"]
[White "winx_m"]
[Black "King_bg03"]
[Result "0-1"]
[WhiteElo "2884"]
[BlackElo "2813"]
[PlyCount "42"]
[EventDate "2021.??.??"]
[EventType "blitz"]

1. e4 e5 2. Nf3 d5 3. exd5 e4 4. Qe2 Qe7 5. Nd4 Nf6 6. Nc3 Nbd7 7. Nf5 Qe5 8.
Ng3 Bb4 9. a3 Bxc3 10. dxc3 O-O 11. c4 Re8 12. Qe3 b5 13. Bd2 Qxb2 14. Bc3 Qxc2
15. Rc1 Qa2 16. Nf5 Ne5 17. Nxg7 Nfg4 18. Qg3 Nd3+ 19. Bxd3 exd3+ 20. Kf1 Qe2+
21. Kg1 d2 {Normal} 0-1

[Event "Rated Blitz game"]
[Site "?"]
[Date "2021.11.17"]
[Round "?"]
[White "dumbchess7"]
[Black "batasjon"]
[Result "0-1"]
[WhiteElo "2504"]
[BlackElo "2430"]
[PlyCount "74"]
[EventDate "2021.??.??"]
[EventType "blitz"]

1. e4 e5 2. Nf3 d5 3. Nc3 dxe4 4. Nxe4 f5 5. Ng3 e4 6. Ne5 Qd6 7. d4 Nc6 8.
Nxc6 Qxc6 9. Bf4 Nf6 10. Qd2 Bd6 11. Bxd6 Qxd6 12. O-O-O Be6 13. Kb1 O-O 14.
Bb5 a6 15. Ba4 f4 16. Ne2 Nd5 17. c4 e3 18. Qc1 Bf5+ 19. Bc2 Bxc2+ 20. Qxc2 Nb4
21. c5 Qe6 22. fxe3 Qxa2+ 23. Kc1 Nxc2 24. Kxc2 fxe3 25. Nc3 Qc4 26. Rhe1 Rf2+
27. Kb1 Re8 28. d5 Qxc5 29. Rd3 Qb4 30. Re2 Rxe2 31. Nxe2 Qe1+ 32. Nc1 e2 33.
Kc2 Qxc1+ 34. Kxc1 e1=Q+ 35. Kc2 Re2+ 36. Kb3 a5 37. d6 Qb4+ {Normal} 0-1

[Event "Rated Blitz game"]
[Site "?"]
[Date "2021.11.17"]
[Round "?"]
[White "Blacknavi"]
[Black "batasjon"]
[Result "1-0"]
[WhiteElo "2404"]
[BlackElo "2456"]
[PlyCount "81"]
[EventDate "2021.??.??"]
[EventType "blitz"]

1. e4 e5 2. Nf3 d5 3. Nxe5 Bd6 4. d4 dxe4 5. Nc3 Nf6 6. Bg5 O-O 7. Be2 Nc6 8.
Nxc6 bxc6 9. Nxe4 Nxe4 10. Bxd8 Rxd8 11. O-O Rb8 12. Rb1 Be6 13. c4 c5 14. Qc2
f5 15. d5 Bd7 16. Bd3 Rf8 17. f3 Ng5 18. Rbe1 f4 19. h4 Nf7 20. Bxh7+ Kh8 21.
Bg6 Ne5 22. Be4 Rf6 23. Kf2 a5 24. b3 a4 25. Rb1 a3 26. Rh1 Nf7 27. Rbg1 Be5
28. Ke2 Bd4 29. Rf1 Re8 30. Kd1 c6 31. Re1 Rd8 32. Kc1 Ne5 33. Kb1 Be8 34. h5
Bb2 35. Rd1 cxd5 36. Rxd5 Rxd5 37. cxd5 Nd7 38. Bg6 Re6 39. dxe6 Ne5 40. Bxe8
Nc6 41. Bxc6 {Normal} 1-0

[Event "Rated Blitz game"]
[Site "?"]
[Date "2021.11.17"]
[Round "?"]
[White "JohnnyDuck64"]
[Black "MrWalker"]
[Result "0-1"]
[WhiteElo "2460"]
[BlackElo "2488"]
[PlyCount "108"]
[EventDate "2021.??.??"]
[EventType "blitz"]

1. e4 e5 2. Nf3 d5 3. Nxe5 dxe4 4. d4 Nd7 5. Nxf7 Kxf7 6. Bc4+ Ke7 7. Nc3 Ngf6
8. Bg5 h6 9. Qh5 Qe8 10. Nd5+ Kd8 11. Qxe8+ Kxe8 12. Nxc7+ Kd8 13. Bxf6+ Kxc7
14. Bh4 Bd6 15. O-O g5 16. Bg3 Nf6 17. Rfe1 Bf5 18. Bb3 Rhe8 19. c4 Bxg3 20.
hxg3 Rad8 21. d5 a5 22. a4 Kd6 23. Bc2 Kc5 24. b3 Rd6 25. Re2 Bh7 26. Rae1 Rdd8
27. f3 e3 28. Bxh7 Nxh7 29. Rxe3 Nf6 30. Re6 Rxe6 31. Rxe6 Rd6 32. Re7 Rb6 33.
Rf7 Ne8 34. Rh7 Rxb3 35. Rxh6 Kxc4 36. Rg6 Rd3 37. d6 Nxd6 38. Rxg5 Rd5 39.
Rg4+ Rd4 40. Rg5 Kb4 41. f4 Kxa4 42. f5 Kb4 43. f6 a4 44. Rg7 a3 45. f7 Nxf7
46. Rxf7 Rd1+ 47. Kf2 a2 48. Rxb7+ Kc5 49. Ra7 a1=Q 50. Rxa1 Rxa1 51. Ke3 Kd6
52. Kf4 Ke6 53. Kg5 Kf7 54. Kh6 Kg8 {Normal} 0-1

[Event "Rated Blitz game"]
[Site "?"]
[Date "2021.11.17"]
[Round "?"]
[White "kill_mms"]
[Black "Senor_de_los_vientos"]
[Result "1/2-1/2"]
[WhiteElo "2628"]
[BlackElo "2407"]
[PlyCount "87"]
[EventDate "2021.??.??"]
[EventType "blitz"]

1. e4 e5 2. Nf3 d5 3. Nxe5 Bd6 4. d4 dxe4 5. Nc4 Nf6 6. Nc3 O-O 7. Be2 h6 8.
Nxd6 Qxd6 9. O-O Nc6 10. Be3 Bf5 11. h3 a6 12. Qd2 Rad8 13. Rad1 Qd7 14. Qc1
Bxh3 15. gxh3 Qxh3 16. Bf4 Nxd4 17. Rxd4 Rxd4 18. Qe3 Qxe3 19. Bxe3 Rd7 20. a4
Re8 21. b4 Re5 22. Bf4 Rf5 23. Be3 Kf8 24. Rd1 Rxd1+ 25. Nxd1 Nd5 26. Bc5+ Ke8
27. c4 Nf4 28. Bf1 Rg5+ 29. Kh2 Ne6 30. Be3 Rh5+ 31. Kg3 f5 32. Nc3 g5 33. Kg2
f4 34. Ba7 f3+ 35. Kg3 Rh1 36. Bh3 Nf4 37. Bc8 Rg1+ 38. Kh2 Rg2+ 39. Kh1 Ne2
40. Nxe4 Rg1+ 41. Kh2 Rg2+ 42. Kh1 Rg1+ 43. Kh2 Rg2+ 44. Kh1 {Normal} 1/2-1/2

[Event "Rated Blitz game"]
[Site "?"]
[Date "2021.11.17"]
[Round "?"]
[White "DefensaFinales"]
[Black "Roberto_Baggio1978"]
[Result "0-1"]
[WhiteElo "2576"]
[BlackElo "2616"]
[PlyCount "122"]
[EventDate "2021.??.??"]
[EventType "blitz"]

1. e4 e5 2. Nf3 d5 3. Nxe5 Bd6 4. d4 dxe4 5. Nc3 Bxe5 6. dxe5 Qxd1+ 7. Nxd1 Nc6
8. Bb5 Nge7 9. Nc3 Bd7 10. Bf4 O-O-O 11. O-O-O Ng6 12. Bg5 Rde8 13. Rd5 Rxe5
14. Rxe5 Ncxe5 15. Bxd7+ Kxd7 16. Nxe4 f6 17. Rd1+ Kc6 18. Be3 b6 19. f4 Ng4
20. Bg1 Nxf4 21. h3 Ne5 22. Rd2 Re8 23. Ng3 Nc4 24. Rd1 Ne2+ 25. Nxe2 Rxe2 26.
b3 Ne3 27. Bxe3 Rxe3 28. Rd2 f5 29. Rf2 g6 30. Kd2 Rg3 31. Re2 Kd6 32. Ke1 a5
33. a4 c6 34. Rd2+ Kc5 35. Re2 b5 36. axb5 cxb5 37. Kd2 a4 38. bxa4 bxa4 39.
Kc1 f4 40. Kb2 a3+ 41. Ka2 f3 42. gxf3 Rxf3 43. h4 Rh3 44. Re4 Kd5 45. Ra4 Rc3
46. Rxa3 Rxc2+ 47. Kb3 Rc7 48. Ra4 Ke5 49. Kb4 Kf5 50. Kb5 h6 51. Kb6 Rc1 52.
Ra8 Rc4 53. Ra5+ Kg4 54. Kb5 Rc1 55. Ra4+ Kh5 56. Rf4 Rh1 57. Kc5 Rxh4 58. Rf8
g5 59. Kd5 Rf4 60. Rxf4 gxf4 61. Ke4 Kg4 {Time forfeit} 0-1

[Event "Rated Blitz game"]
[Site "?"]
[Date "2021.11.17"]
[Round "?"]
[White "Buzilo"]
[Black "Shuhratullo"]
[Result "0-1"]
[WhiteElo "2403"]
[BlackElo "2322"]
[PlyCount "44"]
[EventDate "2021.??.??"]
[EventType "blitz"]

1. e4 e5 2. Nf3 d5 3. exd5 e4 4. Qe2 Nf6 5. d3 Bb4+ 6. c3 O-O 7. cxb4 exf3 8.
Qxf3 Re8+ 9. Be3 Nxd5 10. a3 Nc6 11. Be2 Nxe3 12. fxe3 Qe7 13. Kf2 Bg4 14. Qg3
Bxe2 15. Kxe2 Nd4+ 16. Kf2 Nc2 17. Ra2 Nxe3 18. Re1 Ng4+ 19. Kf1 Nxh2+ 20. Kg1
Qxe1+ 21. Qxe1 Rxe1+ 22. Kxh2 Rxb1 {Normal} 0-1

[Event "Rated Blitz game"]
[Site "?"]
[Date "2021.11.17"]
[Round "?"]
[White "SCORPIO_2021"]
[Black "BrilliantGambiteer"]
[Result "1-0"]
[WhiteElo "2440"]
[BlackElo "2367"]
[PlyCount "91"]
[EventDate "2021.??.??"]
[EventType "blitz"]

1. e4 e5 2. Nf3 d5 3. exd5 Bd6 4. Nc3 f5 5. d4 e4 6. Ne5 Nf6 7. Bf4 O-O 8. Be2
Qe7 9. O-O a6 10. Bg3 b5 11. a3 Bb7 12. f3 Nxd5 13. Nxd5 Bxd5 14. fxe4 Bxe4 15.
Bf3 Nd7 16. Nc6 Bxc6 17. Bxc6 Rae8 18. Qd3 f4 19. Rae1 Qd8 20. Rxe8 Qxe8 21.
Bh4 Qc8 22. Re1 Nf6 23. Bxf6 gxf6 24. Qe4 Qg4 25. h3 Qg6 26. Qe6+ Qf7 27. Qf5
Qg6 28. Qe6+ Qf7 29. Kf2 Qxe6 30. Rxe6 Kg7 31. Kf3 Rf7 32. a4 b4 33. c4 bxc3
34. bxc3 Re7 35. Rxe7+ Bxe7 36. Kxf4 Bd6+ 37. Kf5 a5 38. c4 Bg3 39. Ke6 Bf2 40.
Kd7 Bg3 41. Be4 h6 42. c5 Kf7 43. d5 Be5 44. d6 cxd6 45. Bd5+ Kf8 46. c6 {
Normal} 1-0

[Event "Rated Blitz game"]
[Site "?"]
[Date "2021.11.17"]
[Round "?"]
[White "VCHDauKhuongDuy2011"]
[Black "Fantastic_power06"]
[Result "1-0"]
[WhiteElo "2592"]
[BlackElo "2796"]
[PlyCount "133"]
[EventDate "2021.??.??"]
[EventType "blitz"]

1. e4 e5 2. Nf3 d5 3. exd5 e4 4. Qe2 Nf6 5. d3 Qxd5 6. Nbd2 Nc6 7. dxe4 Qc5 8.
Qc4 Ng4 9. Qxc5 Bxc5 10. Bb5 Bxf2+ 11. Ke2 Bb6 12. Nc4 O-O 13. Nxb6 axb6 14.
Bf4 Re8 15. Bd3 Nge5 16. Nxe5 Nxe5 17. h3 Bd7 18. g4 Bc6 19. Ke3 Re6 20. Rhf1
Rae8 21. Rad1 h6 22. Bg3 Ng6 23. Bxc7 Bxe4 24. Bxe4 Rxe4+ 25. Kd2 Rc8 26. Bxb6
Rb4 27. Ba5 Rxb2 28. Bc3 Rd8+ 29. Kc1 Rxd1+ 30. Rxd1 Rxa2 31. Kb1 Ra6 32. Rd7
Rb6+ 33. Kc1 Nf4 34. Be5 Nxh3 35. Bd4 Rb5 36. Be3 Ng5 37. Rc7 Ne6 38. Rc8+ Kh7
39. Kd2 Kg6 40. Ke2 Re5 41. Kf2 Ng5 42. Rc7 Ne4+ 43. Kf3 Nf6 44. Rxb7 Nxg4 45.
Bf4 Rc5 46. Kxg4 Rxc2 47. Kf3 Rc3+ 48. Ke4 Rc4+ 49. Ke3 f6 50. Bd6 Kf5 51. Rxg7
Re4+ 52. Kf3 Re6 53. Bf4 Re4 54. Bxh6 Rh4 55. Be3 Rh3+ 56. Ke2 Ke4 57. Bf2 Kf5
58. Ra7 Rb3 59. Ra5+ Kg6 60. Ra8 Rb2+ 61. Kf1 Rb3 62. Be1 Rb1 63. Rg8+ Kf7 64.
Rh8 Ke6 65. Re8+ Kf5 66. Re2 Rb5 67. Rg2 {Time forfeit} 1-0

[Event "Rated Blitz game"]
[Site "?"]
[Date "2021.11.17"]
[Round "?"]
[White "JaimeWalterDiaz"]
[Black "batasjon"]
[Result "0-1"]
[WhiteElo "2272"]
[BlackElo "2444"]
[PlyCount "84"]
[EventDate "2021.??.??"]
[EventType "blitz"]

1. e4 e5 2. Nf3 d5 3. exd5 e4 4. Qe2 Nf6 5. Nc3 Be7 6. Nxe4 O-O 7. Nxf6+ Bxf6
8. d4 Qxd5 9. c3 c5 10. dxc5 Qxc5 11. Qe3 Qa5 12. Be2 Nc6 13. O-O Bf5 14. Bc4
Rfe8 15. Qf4 Bg6 16. Bb3 Re4 17. Qg3 Rae8 18. Be3 Ne5 19. Nxe5 Bxe5 20. Qf3 Bf6
21. Rad1 Bh5 22. Qg3 Bh4 23. Qd6 Bxd1 24. Qxd1 h6 25. Qf3 Bf6 26. Rd1 Qa6 27.
g3 Qc6 28. Kg2 Qc8 29. Bd5 R4e5 30. Bxb7 Qb8 31. Rd2 R5e7 32. Bd5 Qe5 33. Bf4
Qe1 34. Qd3 Re2 35. Rxe2 Rxe2 36. Be3 Bg5 37. Bd4 Bf6 38. Bxa7 h5 39. Qc4 h4
40. Bxf7+ Kh8 41. Qc8+ Kh7 42. Qf5+ Kh6 {Time forfeit} 0-1

[Event "Rated Blitz game"]
[Site "?"]
[Date "2021.11.17"]
[Round "?"]
[White "taoneto"]
[Black "Konevoyazher"]
[Result "0-1"]
[WhiteElo "2453"]
[BlackElo "2301"]
[PlyCount "116"]
[EventDate "2021.??.??"]
[EventType "blitz"]

1. e4 e5 2. Nf3 d5 3. exd5 Bd6 4. Be2 Nf6 5. c4 O-O 6. O-O b6 7. Nc3 Nbd7 8. d3
Re8 9. Re1 Bc5 10. Be3 Bb7 11. Bf1 c6 12. dxc6 Bxc6 13. a3 Ng4 14. Bxc5 Nxc5
15. b4 Nd7 16. h3 Ngf6 17. Nd2 Nf8 18. Qc2 Ng6 19. Nce4 Nxe4 20. Nxe4 Nf4 21.
g3 Ne6 22. Bg2 Nd4 23. Qd1 f5 24. Nc3 Bxg2 25. Kxg2 f4 26. gxf4 exf4 27. Qg4
f3+ 28. Kh2 Qd6+ 29. Qg3 Qh6 30. Re4 Rxe4 31. Nxe4 Rf8 32. c5 Ne2 33. Qg4 Qc6
34. Ra2 bxc5 35. bxc5 Qc7+ 36. Kh1 Qe5 37. Rxe2 fxe2 38. Qxe2 Re8 39. a4 Qxc5
40. a5 Qc1+ 41. Kg2 Qg5+ 42. Qg4 Qxg4+ 43. hxg4 Re5 44. Nc5 Rxc5 45. d4 Rxa5
46. Kf3 Ra4 47. Ke4 Rb4 48. f4 a5 49. f5 a4 50. Kd3 a3 51. Kc3 Rb6 52. d5 a2
53. d6 a1=Q+ 54. Kc2 Qe5 55. d7 Qd6 56. d8=Q+ Qxd8 57. Kc3 Qg5 58. Kc4 Qxg4+ {
Time forfeit} 0-1